Clout Mayor Daley and his City (Record no. 23005)
[ view plain ]
| 000 -LEADER | |
|---|---|
| fixed length control field | 00971cam a2200301Li 4500 |
| 001 - CONTROL NUMBER | |
| control field | cloutmayordaleyh00ocon |
| 003 - CONTROL NUMBER IDENTIFIER | |
| control field | CaSfIA |
| 005 - DATE AND TIME OF LATEST TRANSACTION | |
| control field | 20230525155149.0 |
| 007 - PHYSICAL DESCRIPTION FIXED FIELD--GENERAL INFORMATION | |
| fixed length control field | cr|||| |
| 008 - FIXED-LENGTH DATA ELEMENTS--GENERAL INFORMATION | |
| fixed length control field | 051110s1975 nyu f 001 0beng d |
| 040 ## - CATALOGING SOURCE | |
| Original cataloging agency | ZWZ |
| Description conventions | ncafnor |
| Language of cataloging | fre |
| Transcribing agency | ZWZ |
| Modifying agency | CaSfIA |
| 020 ## - INTERNATIONAL STANDARD BOOK NUMBER | |
| International Standard Book Number | 0380005980 (br) |
| 020 ## - INTERNATIONAL STANDARD BOOK NUMBER | |
| International Standard Book Number | 9780380005987 (br) |
| 035 ## - SYSTEM CONTROL NUMBER | |
| System control number | (OCoLC)491694565 |
| 082 0# - DEWEY DECIMAL CLASSIFICATION NUMBER | |
| Classification number | 977.3 |
| Edition number | 21 |
| 029 0# - OTHER SYSTEM CONTROL NUMBER (OCLC) | |
| OCLC library identifier | ZWZ |
| System control number | 092620582 |
| 100 1# - MAIN ENTRY--PERSONAL NAME | |
| Personal name | O'Connor, Len. |
| 245 10 - TITLE STATEMENT | |
| Title | Clout Mayor Daley and his City |
| Medium | [electronic resource] |
| Statement of responsibility, etc. | Len O'Connor. |
| 260 ## - PUBLICATION, DISTRIBUTION, ETC. | |
| Place of publication, distribution, etc. | New York : |
| Name of publisher, distributor, etc. | Avon Books, |
| Date of publication, distribution, etc. | 1976. |
| 300 ## - PHYSICAL DESCRIPTION | |
| Extent | 1 vol. (XI-276 p.) ; |
| Dimensions | 18 cm. |
| 490 1# - SERIES STATEMENT | |
| Series statement | Avon Books |
| 504 ## - BIBLIOGRAPHY, ETC. NOTE | |
| Bibliography, etc. note | Index. |
| 600 17 - SUBJECT ADDED ENTRY--PERSONAL NAME | |
| Personal name | Daley, Richard J. |
| Dates associated with a name | (1902-1976). |
| Source of heading or term | ram |
| 650 #7 - SUBJECT ADDED ENTRY--TOPICAL TERM | |
| Topical term or geographic name entry element | Maires |
| Geographic subdivision | Chicago (Ill.). |
| Source of heading or term | ram |
| 651 #7 - SUBJECT ADDED ENTRY--GEOGRAPHIC NAME | |
| Geographic name | Chicago (Ill.) |
| General subdivision | Politique et gouvernement. |
| Source of heading or term | ram |
| 830 #0 - SERIES ADDED ENTRY--UNIFORM TITLE | |
| Uniform title | Avon books. |
| 856 41 - ELECTRONIC LOCATION AND ACCESS | |
| Uniform Resource Identifier | <a href="http://www.archive.org/details/cloutmayordaleyh00ocon">http://www.archive.org/details/cloutmayordaleyh00ocon</a> |
| Public note | Free eBook from the Internet Archive |
| Withdrawn status | Lost status | Damaged status | Not for loan | Collection | Home library | Current library | Date acquired | Total Checkouts | Date last seen | Price effective from | Koha item type |
|---|---|---|---|---|---|---|---|---|---|---|---|
| Project Gutenberg | Main Library | Main Library | 05/25/2023 | 05/25/2023 | 05/25/2023 | EBooks |